[Event "10. Bayer Open"]
[Site "?"]
[Date "2012.01.25"]
[Round "2"]
[White "Arnold, Bodo"]
[Black "Sockel, Karl-Heinz"]
[Result "0-1"]
[WhiteElo "1615"]
[BlackElo "1974"]
[PlyCount "68"]
[EventDate "2012.??.??"]
[SourceDate "2012.01.12"]

1. Nf3 f5 2. c4 Nf6 3. g3 g6 4. Bg2 Bg7 5. d3 d6 6. Qc2 c6 7. Nc3 O-O 8. O-O
Qe8 9. Rb1 e5 10. e3 h6 11. h3 Be6 12. Nh2 Qd7 13. f4 Na6 14. b4 Nc7 15. Ne2
Rac8 16. a4 b5 17. Rd1 Nh5 18. Nf1 d5 19. c5 exf4 20. exf4 d4 21. Bb2 Bd5 22.
axb5 Nxb5 23. Bxd5+ Qxd5 24. Qc4 Rcd8 25. Qxd5+ Rxd5 26. Nh2 Re8 27. Kf2 a5 28.
bxa5 Rxc5 29. Rbc1 Nc3 30. Bxc3 dxc3 31. Rc2 Rxa5 32. d4 Nf6 33. Nxc3 Ra3 34.
Nf3 Rxc3 0-1

[Event "10. Bayer Open"]
[Site "?"]
[Date "2012.01.25"]
[Round "2"]
[White "Eulering, Georg"]
[Black "Bigott, Martin"]
[Result "0-1"]
[WhiteElo "2064"]
[BlackElo "1794"]
[PlyCount "82"]
[EventDate "2012.??.??"]
[SourceDate "2012.01.12"]

1. e4 Nf6 2. e5 Nd5 3. d4 d6 4. c4 Nb6 5. exd6 exd6 6. Nc3 N8d7 7. Bd3 Nf6 8.
Nge2 Bg4 9. Be3 Be7 10. Qc2 O-O 11. h3 Bh5 12. Nf4 Bg6 13. Nxg6 fxg6 14. O-O-O
c6 15. Rhe1 d5 16. c5 Nbd7 17. Ne2 b6 18. Nf4 bxc5 19. Ne6 Qa5 20. Nxf8 Bxf8
21. Qc3 Qxa2 22. dxc5 Rb8 23. Qa3 Qxa3 24. bxa3 Nxc5 25. Kc2 Nxd3 26. Rxd3 c5
27. Rb3 Rc8 28. Rb7 d4 29. Bd2 c4 30. Bb4 d3+ 31. Kd2 Nd5 32. Bxf8 Rxf8 33. f3
Rc8 34. Rd7 Nf4 35. Ree7 c3+ 36. Ke3 Nd5+ 37. Rxd5 c2 38. Rd8+ Rxd8 39. Kd2 Rb8
40. Rxa7 Rb1 41. Rc7 Rd1+ 0-1

[Event "10. Bayer Open"]
[Site "?"]
[Date "2012.01.25"]
[Round "2"]
[White "Elsweiler, Karl-Heinz"]
[Black "Block, Wolfgang"]
[Result "0-1"]
[WhiteElo "1588"]
[BlackElo "2089"]
[PlyCount "82"]
[EventDate "2012.??.??"]
[SourceDate "2012.01.12"]

{E01: Katalanisch} 1. b4 Nf6 2. Bb2 e6 3. b5 d5 4. Nf3 c5 5. e3 Bd6 6. c4 O-O
7. Be2 b6 8. O-O Bb7 9. Nc3 Nbd7 10. d4 Qe7 11. a4 Rac8 12. cxd5 exd5 13. dxc5
Nxc5 14. a5 Rfd8 15. axb6 axb6 16. Na4 Nfd7 17. Bd4 Nxa4 18. Rxa4 Nc5 19. Ra7
Ra8 20. Rxa8 Rxa8 21. Qb1 Bc7 22. Re1 Ne6 23. Bc3 Bd6 24. Bd3 h6 25. e4 Bc5 26.
exd5 Bxd5 27. Be4 Qb7 28. Bxd5 Qxd5 29. Rd1 Qc4 30. Rc1 Qe2 31. Rf1 Ra2 32. Qe1
Nf4 33. Bd2 Qxe1 34. Bxe1 Ne2+ 35. Kh1 Ra1 36. Ng1 Nf4 37. g3 Nd3 38. Nf3 Bb4
39. Kg2 Nxe1+ 40. Nxe1 Rxe1 41. Rxe1 Bxe1 0-1

[Event "10. Bayer Open"]
[Site "?"]
[Date "2012.01.25"]
[Round "2"]
[White "Pick, Stefan"]
[Black "Gnass, Arno"]
[Result "1-0"]
[WhiteElo "2113"]
[BlackElo "1847"]
[PlyCount "121"]
[EventDate "2012.??.??"]
[SourceDate "2012.01.12"]

1. e4 c6 2. c4 e6 3. d4 d5 4. Nc3 g6 5. Nf3 Bg7 6. Be3 Ne7 7. Qd2 dxe4 8. Nxe4
Nf5 9. Bg5 f6 10. Bf4 g5 11. g4 Nxd4 12. Nxd4 gxf4 13. c5 O-O 14. Bc4 Kh8 15.
Nd6 e5 16. Be6 Na6 17. Bxc8 Rxc8 18. Ne6 Qe7 19. Nxf8 Rxf8 20. b4 Nc7 21. Nf5
Qe6 22. Qd6 Qd5 23. Qxd5 Nxd5 24. a3 Re8 25. O-O e4 26. Rfe1 h5 27. h3 f3 28.
Rad1 Kh7 29. Nd6 Re7 30. Rxe4 Rd7 31. Nf5 Bh6 32. Rd3 hxg4 33. hxg4 Bg5 34.
Rxf3 Kg6 35. Rd4 Bc1 36. Ng3 Re7 37. Rd1 Bb2 38. Rb3 Be5 39. Kg2 Nf4+ 40. Kf3
Nh3 41. Ne4 Rh7 42. Ng3 Nf4 43. Nh5 Nh3 44. Rbd3 f5 45. gxf5+ Kxh5 46. Ke4
Nxf2+ 47. Kxe5 Re7+ 48. Kf6 Re2 49. Kf7 Ne4 50. Rg1 Ng5+ 51. Rxg5+ Kxg5 52. f6
Rf2 53. Rg3+ Kf5 54. Kg7 Ke6 55. Re3+ Kd7 56. f7 Rg2+ 57. Kf8 Kd8 58. Rd3+ Kc7
59. Rd6 b6 60. Ke7 Rg7 61. Ke8 1-0

[Event "10. Bayer Open"]
[Site "?"]
[Date "2012.01.25"]
[Round "2"]
[White "Vranidis, Athanassios"]
[Black "Böhm, Stefan"]
[Result "1/2-1/2"]
[WhiteElo "1720"]
[BlackElo "1941"]
[PlyCount "51"]
[EventDate "2012.??.??"]
[SourceDate "2012.01.12"]

1. d4 e6 2. c4 b6 3. Nf3 Nf6 4. g3 Bb7 5. Bg2 Be7 6. O-O O-O 7. Nc3 d6 8. Bg5
Nbd7 9. Re1 Ne4 10. Bxe7 Qxe7 11. Qc2 Nxc3 12. Qxc3 Nf6 13. Nd2 Bxg2 14. Kxg2
Nd7 15. e4 e5 16. Nf3 Rae8 17. dxe5 Nxe5 18. Nxe5 dxe5 19. Rad1 Rd8 20. Rd5 f6
21. Red1 c6 22. R5d3 Rfe8 23. Qd2 Rd4 24. Rxd4 exd4 25. Qxd4 Qxe4+ 26. Qxe4 {
(=)} 1/2-1/2

[Event "10. Bayer Open"]
[Site "?"]
[Date "2012.01.25"]
[Round "2"]
[White "Kies, Werner"]
[Black "Hoffmann, Frank"]
[Result "1/2-1/2"]
[WhiteElo "1900"]
[BlackElo "1726"]
[PlyCount "75"]
[EventDate "2012.??.??"]
[SourceDate "2012.01.12"]

1. e4 c5 2. Nf3 d6 3. d4 cxd4 4. Nxd4 Nf6 5. Nc3 a6 6. Be2 e5 7. Nf3 Be7 8. O-O
O-O 9. h3 h6 10. a3 Be6 11. Be3 b5 12. Qd2 Kh7 13. Rfd1 Qc7 14. Nh2 Nbd7 15.
Rac1 Nc5 16. Bf3 Rac8 17. Ng4 Ng8 18. Nd5 Bxd5 19. Qxd5 Qc6 20. c4 Qxd5 21.
Rxd5 Nb3 22. Rc3 bxc4 23. Be2 h5 24. Bxc4 hxg4 25. Bxb3 Rxc3 26. bxc3 gxh3 27.
gxh3 Rc8 28. Rd3 f6 29. f4 g6 30. Be6 Rc7 31. a4 Kg7 32. Kf2 Nh6 33. Bd5 exf4
34. Bxf4 Nf7 35. c4 Ne5 36. Rb3 Nd7 37. a5 Nc5 38. Ra3 1/2-1/2

[Event "10. Bayer Open"]
[Site "?"]
[Date "2012.01.25"]
[Round "2"]
[White "Hoeper, Heinz-Joachim"]
[Black "Pützkaul, Karl"]
[Result "0-1"]
[WhiteElo "1416"]
[BlackElo "1778"]
[PlyCount "76"]
[EventDate "2012.??.??"]
[SourceDate "2012.01.12"]

1. e4 c5 2. d4 cxd4 3. c3 d3 4. Nf3 Nc6 5. Bf4 d6 6. Bxd3 g6 7. Bc4 Bg7 8. Ng5
Nh6 9. Nd2 O-O 10. Ndf3 Bg4 11. h3 Bxf3 12. gxf3 Ne5 13. Bd5 e6 14. Bxe6 fxe6
15. Nxe6 Qe7 16. Nxf8 Rxf8 17. Bxe5 Bxe5 18. h4 Kg7 19. Qd3 Qf7 20. Ke2 a6 21.
Rhg1 Qf4 22. h5 g5 23. Qe3 Nf7 24. Rg4 Qf6 25. Rag1 Kh8 26. Qd3 h6 27. R1g2 Nd8
28. f4 Bxf4 29. f3 Ne6 30. Rg1 Be5 31. Kf2 Nf4 32. Rxf4 Qxf4 33. Qe3 Qxe3+ 34.
Kxe3 Rf4 35. Rh1 Rh4 36. Rxh4 gxh4 37. Kf2 h3 38. c4 Kg7 0-1

[Event "10. Bayer Open"]
[Site "?"]
[Date "2012.01.25"]
[Round "2"]
[White "Witte, Volker"]
[Black "Kolleck, Wolf-Dietrich"]
[Result "1/2-1/2"]
[WhiteElo "1742"]
[BlackElo "1428"]
[PlyCount "115"]
[EventDate "2012.??.??"]
[SourceDate "2012.01.12"]

1. d4 Nf6 2. c4 e5 3. dxe5 Ng4 4. Bf4 Nc6 5. Nf3 Bb4+ 6. Nbd2 Qe7 7. a3 Bxd2+
8. Qxd2 Ngxe5 9. Nxe5 Nxe5 10. e3 O-O 11. Be2 d6 12. Rc1 Be6 13. Qb4 c5 14. Qc3
Ng6 15. Bg3 Rac8 16. O-O Nh4 17. Bxh4 Qxh4 18. Qa5 f5 19. Qd2 Rcd8 20. Bf3 Rd7
21. Rfd1 Qe7 22. b4 Rf6 23. Qb2 b6 24. Bc6 Rd8 25. b5 f4 26. exf4 Rxf4 27. Qe2
Qf6 28. g3 Rf5 29. Be4 Rg5 30. f4 Qxf4 31. Bxh7+ Kxh7 32. Qxe6 Qe5 33. Qxe5
Rxe5 34. Rc3 d5 35. cxd5 Rexd5 36. Re1 R8d7 37. Kg2 Rd4 38. Kf3 Kg6 39. g4 Rf7+
40. Kg3 Rff4 41. h3 Ra4 42. Kh4 Ra5 43. Re7 Rf7 44. Rxf7 Kxf7 45. Kg5 Rxb5 46.
Rf3+ Ke7 47. Kg6 c4 48. h4 Rc5 49. Rc3 b5 50. Kxg7 Rd5 51. g5 Rd3 52. Rc1 Rh3
53. a4 Rxh4 54. axb5 Kd6 55. Rc3 Rg4 56. g6 Kc5 57. Ra3 Kxb5 58. Rxa7 1/2-1/2

[Event "10. Bayer Open"]
[Site "?"]
[Date "2012.01.25"]
[Round "2"]
[White "Schimpf, Rolf"]
[Black "Döring, Mirko"]
[Result "0-1"]
[WhiteElo "1676"]
[BlackElo "1520"]
[PlyCount "74"]
[EventDate "2012.??.??"]
[SourceDate "2012.01.12"]

1. c4 Nf6 2. Nc3 c6 3. e4 e5 4. Nf3 d6 5. g3 g6 6. Bg2 Bg7 7. O-O Bg4 8. h3
Bxf3 9. Qxf3 O-O 10. d3 Qc7 11. Be3 Nbd7 12. Rad1 Rad8 13. Qe2 Rfe8 14. f3 Nh5
15. Qf2 a6 16. g4 Nf4 17. Bxf4 exf4 18. d4 Nf8 19. Qd2 g5 20. Kh2 Ng6 21. Rfe1
h6 22. b4 Qc8 23. Qc2 Nh4 24. Rd3 d5 25. cxd5 cxd5 26. e5 f6 27. Qb3 Kh8 28.
Nxd5 Rxd5 29. Rc3 Qd8 30. Rec1 Rxd4 31. exf6 Qxf6 32. Rc8 Red8 33. Kg1 Rd2 34.
Bf1 Qd4+ 35. Kh1 Qf2 36. Rxd8+ Rxd8 37. Rd1 Bd4 0-1

[Event "10. Bayer Open"]
[Site "?"]
[Date "2012.01.25"]
[Round "2"]
[White "Jiritschka, Wolfgang"]
[Black "Roder, Stephan"]
[Result "1-0"]
[WhiteElo "1860"]
[BlackElo "1391"]
[PlyCount "43"]
[EventDate "2012.??.??"]
[SourceDate "2012.01.12"]

1. c4 e5 2. Nc3 Bc5 3. Nf3 d6 4. e3 Bg4 5. Be2 Bxf3 6. Bxf3 c6 7. O-O Nd7 8. d4
exd4 9. exd4 Bb4 10. Re1+ Kf8 11. Bf4 Qf6 12. Qd2 Nh6 13. Bg5 Qg6 14. Re7 Nf6
15. Rae1 Nf5 16. Rxb7 Bxc3 17. bxc3 h6 18. Bxf6 gxf6 19. Bxc6 Nh4 20. g3 Rd8
21. Bd5 Rh7 22. Qf4 1-0

[Event "10. Bayer Open"]
[Site "?"]
[Date "2012.01.25"]
[Round "2"]
[White "Blumenthal, Ralf"]
[Black "Birnkott, Manfred"]
[Result "1/2-1/2"]
[WhiteElo "1824"]
[BlackElo "1850"]
[PlyCount "58"]
[EventDate "2012.??.??"]
[SourceDate "2012.01.12"]

1. d4 c5 2. d5 Nf6 3. c4 Ne4 4. Qc2 Qa5+ 5. Nc3 f5 6. f3 Nd6 7. e4 fxe4 8. fxe4
g6 9. Bd2 Bg7 10. Nf3 O-O 11. a3 Qc7 12. Be2 Nf7 13. O-O d6 14. Ng5 Nxg5 15.
Rxf8+ Bxf8 16. Bxg5 Nd7 {Schwarz bietet Remis an.} 17. Nb5 Qb6 18. a4 Ne5 19.
h3 a6 20. a5 Qd8 21. Nc3 Bd7 22. Bd2 Bg7 23. Na4 Bxa4 24. Qxa4 Qc7 25. Rf1 Rb8
26. Bc3 Rf8 27. Qa1 Qd8 28. Rxf8+ Qxf8 29. Qf1 h5 1/2-1/2

[Event "10. Bayer Open"]
[Site "?"]
[Date "2012.01.25"]
[Round "2"]
[White "Meyer, Stefan"]
[Black "Wolff, Michael"]
[Result "1/2-1/2"]
[WhiteElo "1662"]
[BlackElo "1835"]
[PlyCount "73"]
[EventDate "2012.??.??"]
[SourceDate "2012.01.12"]

1. d4 Nf6 2. c4 c5 3. d5 b5 4. b3 g6 5. Bb2 bxc4 6. bxc4 Bg7 7. Nf3 d6 8. e4
O-O 9. Bd3 Nbd7 10. O-O Rb8 11. Bc3 Ng4 12. Bxg7 Kxg7 13. Qc2 Qa5 14. Qc3+ Qxc3
15. Nxc3 Nge5 16. Nxe5 Nxe5 17. Be2 Ba6 18. Nb5 Rb7 19. Rab1 g5 20. Rb2 Rfb8
21. a4 Rd7 22. Rfb1 Kg6 23. Na3 Rxb2 24. Rxb2 Rb7 25. Nb5 Rb8 26. f3 Bc8 27.
Rb1 a6 28. Nc3 Rxb1+ 29. Nxb1 a5 30. Kf2 Nd7 31. Bd1 Nb6 32. Bb3 Bd7 33. Nc3
Kf6 34. Ke3 e6 35. Nb5 exd5 36. exd5 Ke5 37. g3 {Restliche Züge fehlen.}
1/2-1/2

[Event "10. Bayer Open"]
[Site "?"]
[Date "2012.01.25"]
[Round "2"]
[White "Hoffmann, Hans-Paul"]
[Black "Wotzka, Anton"]
[Result "1-0"]
[WhiteElo "1837"]
[BlackElo "1598"]
[PlyCount "73"]
[EventDate "2012.??.??"]
[SourceDate "2012.01.12"]

1. Nf3 Nf6 2. c4 e6 3. Nc3 d5 4. d4 c6 5. e3 Be7 6. Be2 O-O 7. O-O dxc4 8. Bxc4
c5 9. dxc5 Bxc5 10. b3 Nc6 11. Qe2 Qe7 12. Bb2 a6 13. a4 Rd8 14. Rfd1 b6 15.
Nd2 Bb7 16. Nde4 Nxe4 17. Nxe4 Qh4 18. Nxc5 bxc5 19. Bc3 Nb4 20. f3 Qg5 21.
Rac1 Na2 22. Rxd8+ Rxd8 23. Rc2 Nb4 24. Rd2 a5 25. Rxd8+ Qxd8 26. Qd2 Qc7 27.
e4 h6 28. Bb5 Kf8 29. Qb2 f6 30. Qc1 Na2 31. Qd2 Nxc3 32. Qxc3 Qb6 33. Bc4 e5
34. Kf2 Qd8 35. Bd5 Bxd5 36. Qxc5+ Ke8 37. exd5 1-0

[Event "10. Bayer Open"]
[Site "?"]
[Date "2012.01.25"]
[Round "2"]
[White "Pütz, Viktor"]
[Black "Baier, Uwe"]
[Result "0-1"]
[WhiteElo "1600"]
[BlackElo "1718"]
[PlyCount "60"]
[EventDate "2012.??.??"]
[SourceDate "2012.01.12"]

1. d4 f5 2. Nf3 e6 3. Bf4 Nf6 4. e3 b6 5. c4 Bb7 6. Nbd2 Be7 7. Be2 O-O 8. O-O
Nh5 9. Bg3 g5 10. Ne5 Nxg3 11. hxg3 d6 12. Bf3 c6 13. Nd3 Nd7 14. Rc1 e5 15.
dxe5 dxe5 16. e4 f4 17. gxf4 gxf4 18. Bg4 Bf6 19. Nf3 Re8 20. Qc2 c5 21. Rfe1
Qe7 22. Rcd1 Nf8 23. Qc3 Qg7 24. Bh3 Ne6 25. a3 Nd4 26. Nxd4 cxd4 27. Qb3 Kh8
28. f3 Rg8 29. c5 Qg3 30. Kh1 Bc8 0-1

[Event "10. Bayer Open"]
[Site "?"]
[Date "2012.01.25"]
[Round "2"]
[White "Decker, Andreas"]
[Black "Hümer, Dominik"]
[Result "1-0"]
[WhiteElo "1808"]
[BlackElo "1477"]
[PlyCount "43"]
[EventDate "2012.??.??"]
[SourceDate "2012.01.12"]

1. d4 Nf6 2. Nf3 e6 3. Bf4 d5 4. e3 Be7 5. Bd3 c5 6. c3 Nc6 7. Nbd2 O-O 8. Ne5
Bd7 9. g4 Ne8 10. h4 f6 11. Nxd7 Qxd7 12. Qc2 e5 13. Bxh7+ Kh8 14. Bf5 Qd8 15.
dxe5 fxe5 16. Bg3 Nd6 17. Bg6 Nf7 18. g5 e4 19. Bxf7 Rxf7 20. O-O-O Bd6 21.
Bxd6 Qxd6 22. Nxe4 1-0

[Event "10. Bayer Open"]
[Site "?"]
[Date "2012.01.25"]
[Round "2"]
[White "Engels, Immanuel"]
[Black "Vitz, Hans-Joachim"]
[Result "0-1"]
[WhiteElo "1528"]
[BlackElo "1796"]
[PlyCount "54"]
[EventDate "2012.??.??"]
[SourceDate "2012.01.12"]

1. d4 d5 2. c4 e6 3. Nc3 Be7 4. Nf3 Nf6 5. Bg5 h6 6. Bh4 O-O 7. e3 b6 8. cxd5
exd5 9. Ne5 Bb7 10. Bb5 c6 11. Ba4 Nfd7 12. Bxe7 Qxe7 13. Nd3 Nf6 14. b4 Nbd7
15. Rc1 Rac8 16. Bb3 Ne4 17. O-O Ndf6 18. a4 Ba6 19. b5 Nxc3 20. Rxc3 cxb5 21.
Rxc8 Rxc8 22. a5 bxa5 23. Nc5 Bb7 24. Qb1 Ne4 25. Nxb7 Qxb7 26. Qa2 Nc3 27.
Qxa5 a6 0-1

[Event "10. Bayer Open"]
[Site "?"]
[Date "2012.01.25"]
[Round "2"]
[White "Balduan, Karl-Heinz"]
[Black "Skiber, Friedel"]
[Result "0-1"]
[WhiteElo "1508"]
[BlackElo "1575"]
[PlyCount "82"]
[EventDate "2012.??.??"]
[SourceDate "2012.01.12"]

1. d4 Nf6 2. Nf3 g6 3. Bf4 Bg7 4. e3 d6 5. c3 O-O 6. Nbd2 Nc6 7. Nc4 b5 8. Ncd2
a6 9. h3 Re8 10. Bd3 e5 11. Bg5 Bb7 12. d5 Ne7 13. e4 c6 14. Bxf6 Bxf6 15. dxc6
Bxc6 16. Qe2 Bb7 17. h4 h6 18. g4 Bg7 19. h5 g5 20. Nf1 d5 21. Ng3 d4 22. Rd1
Qa5 23. Qd2 Qxa2 24. Nf5 dxc3 25. Qxc3 Nxf5 26. gxf5 f6 27. O-O Rac8 28. Qd2
Qf7 29. Be2 Bxe4 30. Qd6 Bxf5 31. Qxa6 Qxh5 32. Qxb5 Qg4+ 33. Kh2 Qh3+ 34. Kg1
Be4 35. Qb3+ Kh8 36. Qe3 f5 37. Rd7 g4 38. Rfd1 gxf3 39. Rxg7 Kxg7 40. Rd7+ Kh8
41. Bf1 Rg8+ 0-1

[Event "10. Bayer Open"]
[Site "?"]
[Date "2012.01.25"]
[Round "2"]
[White "Jacobi, Bernd"]
[Black "Blomeyer, Peter"]
[Result "0-1"]
[WhiteElo "1471"]
[BlackElo "1769"]
[PlyCount "58"]
[EventDate "2012.??.??"]
[SourceDate "2012.01.12"]

1. d4 d6 2. Nf3 Nf6 3. c3 g6 4. e3 Bg7 5. Bd3 Nbd7 6. Nbd2 O-O 7. e4 a6 8. O-O
e5 9. d5 c5 10. dxc6 bxc6 11. b4 Qc7 12. Bb2 d5 13. Qc2 Bb7 14. Rfe1 Rfe8 15.
Qb3 Rab8 16. a3 a5 17. Rac1 c5 18. Bb1 Bc6 19. Qd1 Qb7 20. exd5 Bxd5 21. c4
Bxf3 22. Nxf3 axb4 23. Nxe5 bxa3 24. Nxd7 axb2 25. Rxe8+ Nxe8 26. Rc2 Rd8 27.
Rd2 Qb4 28. Nf6+ Bxf6 29. Rxd8 Bxd8 0-1

[Event "10. Bayer Open"]
[Site "?"]
[Date "2012.01.25"]
[Round "2"]
[White "Ringeltaube, Denny"]
[Black "Ramien, David"]
[Result "1-0"]
[WhiteElo "1687"]
[BlackElo "1450"]
[PlyCount "121"]
[EventDate "2012.??.??"]
[SourceDate "2012.01.12"]

1. d4 Nf6 2. Bg5 Ne4 3. Bf4 d6 4. f3 Nf6 5. e4 g6 6. Nc3 Bg7 7. Qd2 Ng8 8. Bc4
Nd7 9. Nge2 e5 10. Be3 c6 11. O-O Ngf6 12. Rad1 Qe7 13. Ng3 O-O 14. d5 c5 15.
Bg5 Nb6 16. Be2 Bd7 17. Rfe1 Rab8 18. h4 h5 19. f4 Qe8 20. f5 Nc8 21. Rf1 Kh7
22. Rf2 Ne7 23. Rdf1 Neg8 24. Qd1 b5 25. Nb1 a6 26. Nd2 a5 27. Bxh5 gxh5 28.
Nxh5 Nxh5 29. Qxh5+ Bh6 30. Bxh6 Nxh6 31. f6 Bg4 32. Qg5 Rg8 33. Qe3 Bd7 34.
Qe2 Rg6 35. Nf3 Kh8 36. Qe3 Ng4 37. Qd2 Nxf2 38. Rxf2 Rxf6 39. Qg5 Rg6 40. Qh5+
Kg7 41. Ng5 Rxg5 42. Qxg5+ Kf8 43. Qh6+ Kg8 {black offers a draw} 44. Rf3 Qc8
45. Rg3+ Bg4 46. Qg5+ Kf8 47. Rxg4 a4 48. h5 Qd8 49. Qh6+ Ke7 50. Rg7 Qh8 51.
Qg5+ Kf8 52. Qf6 Rb7 53. Rxf7+ Rxf7 54. Qxh8+ Ke7 55. h6 b4 56. h7 c4 (56... b3
57. axb3) 57. Qg8 b3 58. axb3 c3 59. bxc3 a3 60. h8=Q a2 61. Qe8# 1-0

[Event "10. Bayer Open"]
[Site "?"]
[Date "2012.01.25"]
[Round "2"]
[White "Themm, Rainer"]
[Black "Fröhling, Ewald"]
[Result "1-0"]
[WhiteElo "1753"]
[BlackElo "1447"]
[PlyCount "85"]
[EventDate "2012.??.??"]
[SourceDate "2012.01.12"]

1. e4 d5 2. exd5 Qxd5 3. Nc3 Qa5 4. Nf3 Bg4 5. Be2 Nf6 6. O-O e6 7. d4 c6 8. a3
Nbd7 9. Bd2 Qc7 10. Ng5 Bxe2 11. Nxe2 Bd6 12. Nf3 O-O 13. c4 c5 14. dxc5 Nxc5
15. b4 Nce4 16. c5 Nxd2 17. Qxd2 Be7 18. Ng3 Nd5 19. Rac1 Rad8 20. Qc2 Rc8 21.
Rfd1 a5 22. Qb3 axb4 23. axb4 h6 24. Ne4 Qf4 25. Rc4 Qb8 26. b5 Rfd8 27. Rdc1
Nf4 28. Qc2 Nd3 29. Rd1 Nf4 30. Rb1 Nd3 31. g3 Ne5 32. Nxe5 Qxe5 33. c6 bxc6
34. bxc6 Qa5 35. Qc3 Qxc3 36. Nxc3 Bd6 37. Rb7 Be5 38. Nb5 Kh7 39. f4 Bf6 40.
c7 Rf8 41. Na7 Ra8 42. c8=Q Rfxc8 43. Nxc8 1-0

[Event "10. Bayer Open"]
[Site "?"]
[Date "2012.01.25"]
[Round "2"]
[White "Yon, Gregory"]
[Black "Eschweiler, Gottfried"]
[Result "1/2-1/2"]
[WhiteElo "1447"]
[BlackElo "1549"]
[PlyCount "79"]
[EventDate "2012.??.??"]
[SourceDate "2012.01.12"]

1. c4 Nf6 2. Nc3 g6 3. Nf3 Bg7 4. g3 O-O 5. Bg2 d6 6. O-O e5 7. d3 Nbd7 8. Re1
c6 9. e4 a6 10. a3 b5 11. b4 Bb7 12. Bh3 bxc4 13. dxc4 Qe7 14. Be3 d5 15. cxd5
cxd5 16. Bg5 d4 17. Nd5 Qd6 18. Nxf6+ Nxf6 19. Qd3 h6 20. Bxf6 Bxf6 21. Rac1
Bc8 22. Bg2 Bd7 23. Rc5 Be6 24. Rec1 Rfc8 25. h4 Rxc5 26. Rxc5 Bg7 27. Kh2 Qb8
28. Bh3 Bxh3 29. Kxh3 Qe8 30. Ne1 Bf8 31. Rc2 Qe6+ 32. Kg2 Rc8 33. Rxc8 Qxc8
34. f3 h5 35. Qd2 Qc4 36. Qd3 Qe6 37. Nc2 Bh6 38. a4 Bf8 39. b5 axb5 40. axb5
1/2-1/2

[Event "10. Bayer Open"]
[Site "?"]
[Date "2012.01.25"]
[Round "2"]
[White "Karwatzki, Hans-Jürgen"]
[Black "Azimi, Reza"]
[Result "1-0"]
[WhiteElo "1593"]
[BlackElo "1410"]
[PlyCount "51"]
[EventDate "2012.??.??"]
[SourceDate "2012.01.12"]

1. e4 c5 2. Nc3 e6 3. f4 a6 4. Nf3 Nc6 5. a3 d6 6. Bc4 b5 7. Ba2 Bb7 8. d3 g6
9. O-O Bg7 10. Qe1 b4 11. Ne2 bxa3 12. bxa3 Bxa1 13. c3 Qb6 14. f5 e5 15. Bg5
Qb2 16. Bxf7+ Kxf7 17. fxg6+ Kxg6 18. Nh4+ Kxg5 19. Qg3+ Kh6 20. Nf5+ Kh5 21.
Qh3+ Kg5 22. Qh4+ Kg6 23. Qg4+ Kf7 24. Nxd6+ Ke7 25. Rf7+ Kxd6 26. Qd7# 1-0

[Event "10. Bayer Open"]
[Site "?"]
[Date "2012.01.25"]
[Round "2"]
[White "Westphal, Gerhard"]
[Black "Granz, Thomas"]
[Result "0-1"]
[WhiteElo "1407"]
[BlackElo "1656"]
[PlyCount "134"]
[EventDate "2012.??.??"]
[SourceDate "2012.01.12"]

1. d4 d5 2. c4 e6 3. Nc3 Nf6 4. Nf3 Nc6 5. Bf4 Bd6 6. Bxd6 Qxd6 7. c5 Qe7 8. e3
O-O 9. Bb5 Bd7 10. Bxc6 Bxc6 11. Ne5 Be8 12. O-O Nd7 13. Nxd7 Bxd7 14. a4 b6
15. b4 a5 16. Qb1 Rfb8 17. b5 bxc5 18. dxc5 Qxc5 19. Rc1 Qd6 20. Qd3 h6 21. h3
f5 22. Qd4 c6 23. bxc6 Bxc6 24. Ne2 Rb4 25. Qc5 Qxc5 26. Rxc5 Bxa4 27. Nd4 Kf7
28. g3 g6 29. Kg2 e5 30. Ne2 d4 31. Rxe5 d3 32. Nc3 d2 33. Kf1 Rc4 34. Ke2 Rxc3
35. Rxa4 Rd8 36. Rd4 Rxd4 37. exd4 Rd3 38. Kd1 a4 39. d5 a3 40. d6 Kf6 41. Ra5
Ke6 42. Ra6 Kd7 43. Ra8 g5 44. h4 gxh4 45. gxh4 f4 46. f3 Rxf3 47. Kxd2 Kxd6
48. Ra6+ Kc5 49. Rxh6 Kb5 50. Kc2 Kb4 51. Rb6+ Kc5 52. Rb8 a2 53. Kb2 Ra3 54.
Ka1 Kd4 55. Rf8 Ke3 56. Re8+ Kf2 57. h5 Ra6 58. Rh8 f3 59. h6 Kf1 60. h7 Rh6
61. Kxa2 f2 62. Kb2 Rh3 63. Kc2 Rh5 64. Kd2 Rd5+ 65. Ke3 Re5+ 66. Kd4 Re7 67.
Kd3 Ke1 0-1

[Event "10. Bayer Open"]
[Site "?"]
[Date "2012.01.25"]
[Round "2"]
[White "Falge, Rainer"]
[Black "Longerich, Hans-Peter"]
[Result "1-0"]
[WhiteElo "1642"]
[BlackElo "1320"]
[PlyCount "71"]
[EventDate "2012.??.??"]
[SourceDate "2012.01.12"]

1. e4 e5 2. Nf3 Nc6 3. Bc4 Bc5 4. O-O Nf6 5. d3 d6 6. h3 Be6 7. Bb3 h6 8. c3 a6
9. d4 Bxb3 10. Qxb3 Bb6 11. Qa4 O-O 12. Re1 Ba7 13. Be3 Nd7 14. Nbd2 Ne7 15.
Rad1 Qc8 16. Nf1 f5 17. dxe5 Nxe5 18. Nxe5 dxe5 19. Bxa7 Rxa7 20. Qd7 Nc6 21.
Qxc8 Rxc8 22. exf5 Rf8 23. g4 Raa8 24. Rd7 Rac8 25. Red1 Rcd8 26. Ne3 Rxd7 27.
Rxd7 Rf7 28. Rxf7 Kxf7 29. Nd5 e4 30. Nxc7 Ne5 31. Nd5 Nd3 32. b4 Ne5 33. Kg2
Nc4 34. Kg3 Nd6 35. Kf4 Ke8 36. f3 1-0

[Event "10. Bayer Open"]
[Site "?"]
[Date "2012.01.25"]
[Round "2"]
[White "Rodewald, Horst"]
[Black "Plückelmann, Thomas"]
[Result "0-1"]
[WhiteElo "1309"]
[BlackElo "1700"]
[PlyCount "82"]
[EventDate "2012.??.??"]
[SourceDate "2012.01.12"]

1. e4 e6 2. Nf3 d5 3. e5 c5 4. d3 Nc6 5. c3 Qc7 6. Bf4 Nge7 7. Be2 Ng6 8. Bg3
Ngxe5 9. Qa4 Nxf3+ 10. Bxf3 Bd6 11. Nd2 Bd7 12. O-O-O Bxg3 13. hxg3 Nb4 14. Qb3
Nxd3+ 15. Kb1 Nxf2 16. Rde1 Nxh1 17. Bxd5 O-O-O 18. Bf3 Nxg3 19. Nc4 Bc6 20. a3
Bxf3 21. gxf3 Rd5 22. Qa4 Kb8 23. Ka2 h5 24. Ne3 Rd2 25. Nc4 Re2 26. Rd1 Rd8
27. Rxd8+ Qxd8 28. Qb5 Re1 29. Qxc5 Nf5 30. Qf2 Rd1 31. Qh2+ Qc7 32. Qe2 Rd5
33. a4 h4 34. b3 h3 35. Qf1 Qg3 36. Ka3 h2 37. Nb2 Qg1 38. Qc4 Qc5+ 39. Ka2
Qxc4 40. bxc4 Rd2 41. Kb3 h1=Q 0-1

[Event "10. Bayer Open"]
[Site "?"]
[Date "2012.01.25"]
[Round "2"]
[White "Teuber, Alfons"]
[Black "Liebsch, Ulrich"]
[Result "0-1"]
[WhiteElo "1061"]
[BlackElo "1695"]
[PlyCount "70"]
[EventDate "2012.??.??"]
[SourceDate "2012.01.12"]

1. e4 c5 2. Bc4 d6 3. h3 Nc6 4. Nf3 Nf6 5. d3 g6 6. Nc3 Bg7 7. O-O O-O 8. Nd5
Na5 9. Nxf6+ Bxf6 10. Bd5 e6 11. Bb3 Nxb3 12. axb3 Bd7 13. c3 Bc6 14. Bh6 Re8
15. Bg5 Bxg5 16. Re1 Bf6 17. e5 Bg7 18. Rb1 d5 19. b4 cxb4 20. cxb4 Qe7 21. Qb3
Rec8 22. Nd4 Rc7 23. Rbc1 Rac8 24. Rc3 Bh6 25. Re2 Qh4 26. Nf3 Qf4 27. d4 Bb5
28. Rec2 Rxc3 29. bxc3 Rc6 30. g3 Qxf3 31. Qb2 Bd3 32. Qa2 Bxc2 33. Qxa7 Ra6
34. Qb8+ Bf8 35. Qxb7 Ra1+ 0-1

[Event "10. Bayer Open"]
[Site "?"]
[Date "2012.01.25"]
[Round "2"]
[White "Düxmann, Marcel"]
[Black "Barche, Uwe"]
[Result "1-0"]
[WhiteElo "1660"]
[BlackElo "1061"]
[PlyCount "65"]
[EventDate "2012.??.??"]
[SourceDate "2012.01.12"]

1. d4 e6 2. c4 b6 3. a3 Bb7 4. Nc3 Nf6 5. Qc2 d5 6. cxd5 exd5 7. Bg5 Be7 8. e3
Nbd7 9. Bd3 c5 10. Nf3 Qc7 11. Bf4 Qd8 12. O-O a6 13. Rfe1 O-O 14. Rad1 g6 15.
Qb1 c4 16. Bc2 Re8 17. e4 b5 18. e5 Nh5 19. Bh6 Ng7 20. Bxg7 Kxg7 21. e6 fxe6
22. Rxe6 Nf6 23. Rde1 Bc8 24. Ng5 Bd6 25. Rxe8 Nxe8 26. Nxh7 Bxh2+ 27. Kxh2
Qh4+ 28. Kg1 Kxh7 29. Bxg6+ Kg7 30. Bxe8 Bd7 31. Qg6+ Kh8 32. Bxd7 Rg8 33. Re8
1-0